00442nam a22001457a 4500020001800000082001500018100001900033245003000052260003200082300000700114650002500121942000700146952012600153999001700279 a9780141036762 a200.19 FRE aFreud, Sigmond aThe Future of An Illusion aLondonbPenguin Booksc2004 a94 aPsychology-Religious cBK 001040708NFICaHMIbHMIcGENd2018-09-17eAmazong299.00l2o200.19 FREp25524r2020-01-31s2020-01-22w2018-09-17yBK c21492d21492